Statistics for Largest Cities by Language

Click here to take the quiz!

General Stats

  • This quiz has been taken 151 times
    (97 since last reset)
  • The average score is 35 of 45

Answer Stats

Language, RankPopulationAnswer% Correct
English23.7 milNew York City
100%
English10.2 milLondon
100%
German4.1 milBerlin
100%
Japanese42.7 milTokyo
99%
Italian3.9 milRome
99%
French10.9 milParis
99%
English15.1 milLos Angeles
99%
Portuguese11.7 milRio de Janeiro
99%
Italian5.3 milMilan
99%
Japanese17.4 milOsaka
98%
Afrikaans8.4 milJohannesburg
98%
Greek3.5 milAthens
98%
Afrikaans3.8 milCape Town
98%
Dutch1.6 milAmsterdam
96%
Hindi25 milDelhi
96%
Portuguese20.3 milSao Paulo
96%
Spanish20 milMexico City
96%
Mandarin21 milBeijing
95%
Spanish14.1 milBuenos Aires
95%
Arabic15.6 milCairo
94%
Hindi17.7 milMumbai
93%
Mandarin23.4 milShanghai
93%
Tagalog24.1 milManila
89%
Italian3.7 milNaples
89%
Dutch2.8 milRotterdam
88%
Spanish10.8 milLima
86%
German6.7 milRuhr Valley
79%
Arabic6.6 milBaghdad
76%
Arabic5.6 milRiyadh
75%
French13.3 milKinshasa
74%
Afrikaans3.4 milDurban
73%
Hindi14.7 milKolkata
71%
Swahili4.7 milNairobi
70%
German2.1 milCologne
69%
Japanese10.1 milNagoya
68%
Mandarin10.9 milTianjin
63%
Greek0.8 milThessaloniki
63%
Portuguese5.9 milLuanda
59%
Dutch2.1 milBrussels
55%
Swahili4.2 milDar es Salaam
48%
Greek0.3 milNicosia
39%
French4.8 milAbidjan
39%
Swahili2 milLubumbashi
5%
Tagalog0.8 milAntipolo
0%
Tagalog0.3 milCalamba
0%

Score Distribution

Percentile by Number Answered

Percent of People with Each Score

Your Score History

You have not taken this quiz since the last reset